Briefing note (Record no. 110147)

MARC details
000 -LEADER
fixed length control field 01042cad a22002055a 4500
001 - CONTROL NUMBER
control field E148648
008 - FIXED-LENGTH DATA ELEMENTS--GENERAL INFORMATION
fixed length control field 091015n xxk f 000 0 eng d
035 ## - SYSTEM CONTROL NUMBER
System control number (Sirsi) u148648
041 0# - LANGUAGE CODE
Language code of text/sound track or separate title eng
050 04 - LIBRARY OF CONGRESS CALL NUMBER
Classification number 346.4104343 $2 18
110 2# - MAIN ENTRY--CORPORATE NAME
Corporate name or jurisdiction name as entry element Joint Working Group on Commercial Leases
9 (RLIN) 5168
245 00 - TITLE STATEMENT
Title Briefing note
Remainder of title environmental management of building agreement
Medium [electronic resource]
260 ## - PUBLICATION, DISTRIBUTION, ETC.
Place of publication, distribution, etc. [S.l.]
Name of publisher, distributor, etc. Joint Working Group on Commercial Leases
Date of publication, distribution, etc. [200-?]
520 ## - SUMMARY, ETC.
Summary, etc. Provides information to supplement the Code for Leasing Business Premises in England and Wales 2007 (see L137317), in relation to an environmental management of building agreement. Sets out when the agreement might be used, and what it should cover.
521 ## - TARGET AUDIENCE NOTE
Target audience note Advanced
651 #4 - SUBJECT ADDED ENTRY--GEOGRAPHIC NAME
Geographic name England and Wales
Chronological subdivision 1543-
690 ## - LOCAL SUBJECT ADDED ENTRY--TOPICAL TERM (OCLC, RLIN)
Topical term or geographic name as entry element PROPERTY-COMMERCIAL PROPERTY-COMMERCIAL LANDLORD AND TENANT-COMMERCIAL LEASES
856 40 - ELECTRONIC LOCATION AND ACCESS
Uniform Resource Identifier <a href="https://www.commercialleasecode.co.uk/supplementary-info.html">https://www.commercialleasecode.co.uk/supplementary-info.html</a>
Public note View the guidance free of charge at www.commercialleasecode.co.uk...
942 ## - ADDED ENTRY ELEMENTS (KOHA)
Suppress in OPAC 0
Holdings
Withdrawn status Lost status Source of classification or shelving scheme Damaged status Not for loan Home library Current library Shelving location Date acquired Total Checkouts Full call number Barcode Date last seen Copy number Price effective from Koha item type
    Dewey Decimal Classification     Virtual Virtual Online 15/10/2009   ONLINE PUBLICATION 148648-2001 06/08/2019 1 06/08/2019 Book